000 00294nam a22001337a 4500
008 170619b xxu||||| |||| 00| 0 eng d
020 _a9780761986393
041 _aeng
080 _a32
100 _a20
101 _aSHP
245 _aTHE POLITICS OF IN JUSTICE
_cBECKETT,K
942 _2udc
_cBK
999 _c18042
_d18042